000 01895cam a22003491i 4500
001 gs 43000023
003 DLC
005 20260227111348.0
008 780227s1942 ksuab 000 0 eng c
010 _ags 43000023
035 _a(OCoLC)3674037
040 _aU. S. Geol. survey. Library.
_cTxEU
_dOCoLC
_dDLC
042 _apremarc
050 0 0 _aQE113
_b.A2 no. 45
082 _a(557.81)
_a557.81
100 1 _aFrye, John Chapman,
_d1912-
245 1 0 _aGeology and ground-water resources of Meade County, Kansas /
_cby John C. Frye ; with analyses by Robert H. Hess and Elza O. Holmes.
260 _aTopeka :
_bPrinted by Kansas State printing plant,
_c1942.
300 _a152 p. :
_bincl. illus., tables, diagrs., maps (3 fold. in pocket) ;
_c23 cm.
490 0 _aKansas. State geological survey. Bulletin 45
500 _aUniversity of Kansas publications, December 1942.
500 _aAt head of title: State geological survey of Kansas, Raymond C. Moore ...state geologist and director, John C. Frye ...assistant state geologist and assistant director. Division of ground water, Stanley W. Lohman, geologist in charge.
500 _a"Prepared by the United States Geological survey and the State geological survey of Kansas, with the cooperation of the Division of sanitation of the Kansas State board of health, and the Division of waterr resources of the Kansas State board of agriculture."
501 _aWith : Geology and ground-water resources of Ford County, Kansas / by Herbert A. Waite, 1942. Bound together subsequent to publication.
_5DLC
504 _a"References": p. 112-115.
650 0 _aGeology
_zKansas
_zMeade County.
650 0 _aWater-supply
_zKansas
_zMeade County.
650 0 _aGroundwater
_zKansas
_zMeade County.
700 1 2 _aHess, Robert Harlan,
_d1910- .
700 1 2 _aHolmes, Elza Orville,
_d1910- .
710 2 _aGeological Survey (U.S.)
999 _c27879
_d27879